000 00937nam a2200265Ia 4500
003 OSt
005 20221005112132.0
006 a|||||r|||| 00| 0
007 ta
008 221004b |||||||| |||| 00| 0 pan d
020 _a9363116501 (hbk)
_cINR 150.00
024 _a39101
037 _b235, 17/03/2018, National Book Shop
_cTextual
040 _aCRL
_cCRL
_bpan
041 _2pan
_apan
082 _aO153,1NVAX, Q7
100 _aਵੱਲ੍ਹਾ, ਪਾਲ ਸਿੰਘ, ਂਚ.
_9158561
245 0 _aਸੁਰ॥ ਰਾਗ
260 _aਅੰਮ੍ਰਿਤਸਰ
_bਆਗ਼ਾਦ ਬੁਕ ਭਾਰਤ
_c2017
300 _a128ਪ0
_ccm.
650 _a ਪੰਜਾਬੀ ਕਾਵਿ
650 _aਪੰਜਾਬੀ ਸਾਹਿਤ
942 _hO153,1NVAX, Q7
_cTEXL
_2cc
999 _c1023922
_d1023922